000 00287 a2200109 4500
001 ART_26197
005 20260410161936.0
008 260409a
245 1 0 _aEmpresas
100 1 _aFernández Gatti, María Andrea
773 0 _tSaberEs
_g- Nº 1 (jun. 2009)
_wREV26089
999 _c29089
_d29089